Bjulleten' inostrannoj kommerčeskoj informacii

Guardado en:
Detalles Bibliográficos
Formato: Seriadas
Lenguaje:ruso
Publicado: Moskva Vsesoj. nauč.-issled. kon'junkt. inst. 1985
Etiquetas: Agregar Etiqueta
Sin Etiquetas, Sea el primero en etiquetar este registro!

MARC

LEADER 00000nas2a2200000 4500
001 s103768
005 20250730114154.8
041 0 |a rus 
044 |a RU 
245 1 0 |a Bjulleten' inostrannoj kommerčeskoj informacii 
264 1 |a Moskva  |b Vsesoj. nauč.-issled. kon'junkt. inst.  |c 1985 
300 |a 3 zv. 
773 0 |w eu_un_cat*0008266